书目信息 |
| 题名: |
道地药材:新昌白术
|
|
| 作者: | 潘秋祥 | |
| 分册: | ||
| 出版信息: | 北京 中国农业科技出版社 2015.12 |
|
| 页数: | 203页 | |
| 开本: | 20cm | |
| 丛书名: | ||
| 单 册: | ||
| 中图分类: | S567.23 | |
| 科图分类: | ||
| 主题词: | 经济作物 | |
| 电子资源: | ||
| ISBN: | 7-5116-2372-7 | |
| 000 | 00598nam0 2200205 450 | |
| 001 | 3013 | |
| 005 | 20161207152133.81 | |
| 010 | @a7-5116-2372-7@dCNY58.00 | |
| 100 | @a20150811d2015 km y0chiy0120 ea | |
| 101 | 0 | @achi |
| 102 | @aCN@b110000 | |
| 200 | 1 | @a道地药材:新昌白术@Adao di yao cai:xin chang bai shu@f潘秋祥@Fpan qiu xiang |
| 210 | @a北京@c中国农业科技出版社@d2015.12 | |
| 215 | @a203页@d20cm | |
| 330 | @a白术·栽培技术 | |
| 606 | 0 | @a经济作物 |
| 690 | @aS567.23@v4 | |
| 701 | 0 | @a潘秋祥@Apan qiu xiang |
| 801 | 0 | @aCN@b大连网信软件有限公司图书馆·11@c20161207 |
| 905 | @aZUCC@dS567.23@e69 | |
| 道地药材:新昌白术/潘秋祥.-北京:中国农业科技出版社,2015.12 |
| 203页;20cm |
| ISBN 7-5116-2372-7:CNY58.00 |
| 白术·栽培技术 |
| ● |
| 相关链接 |
|
|
|
|
正题名:道地药材:新昌白术
索取号:S567.23/69
 
预约/预借
| 序号 | 登录号 | 条形码 | 馆藏地/架位号 | 状态 | 备注 |
| 1 | 912530 | 209125301 | 第二样本阅览室/ [索取号:S567.23/69] | 在馆 | |
| 2 | 912531 | 209125310 | 第三借阅区/ [索取号:S567.23/69] | 在馆 | |
| 3 | 912532 | 209125329 | 第三借阅区/ [索取号:S567.23/69] | 在馆 | |
| 4 | 912533 | 209125338 | 第三借阅区/ [索取号:S567.23/69] | 在馆 |